Pohľady na manažérske a podnikateľské poradenstvo na Slovensku

Podstata manažérskeho a podnikateľského poradenstva. Minulosť, súčasnosť a budúcnosť slovenského poradenstva v predmetnej oblasti.

Guardado en:
Detalles Bibliográficos
Autor principal: Lipták, František
Formato: Capítulo de libro
Lenguaje:eslovaco
Materias:
Etiquetas: Agregar Etiqueta
Sin Etiquetas, Sea el primero en etiquetar este registro!

MARC

LEADER 00000naa a2200000 4500
001 r041090
005 20230808083429.5
041 0 |a slo 
044 |a SK 
245 1 0 |a Pohľady na manažérske a podnikateľské poradenstvo na Slovensku  |c František Lipták 
520 |a Podstata manažérskeho a podnikateľského poradenstva. Minulosť, súčasnosť a budúcnosť slovenského poradenstva v predmetnej oblasti. 
610 2 0 |a poradenstvo 
610 2 0 |a manažment 
610 2 0 |a manažéri 
610 2 0 |a podnikanie 
610 2 0 |a Slovensko 
610 2 0 |a história 
100 1 |a Lipták, František